School in the hospital, (Record no. 22119)
[ view plain ]
| 000 -LEADER | |
|---|---|
| fixed length control field | 01089cam a22002771 4500 |
| 001 - CONTROL NUMBER | |
| control field | e 50000002 |
| 003 - CONTROL NUMBER IDENTIFIER | |
| control field | DLC |
| 005 - DATE AND TIME OF LATEST TRANSACTION | |
| control field | 20260227111234.0 |
| 008 - FIXED-LENGTH DATA ELEMENTS--GENERAL INFORMATION | |
| fixed length control field | 790625s1949 dcua b 000 0 eng c |
| 010 ## - LIBRARY OF CONGRESS CONTROL NUMBER | |
| LC control number | e 50000002 |
| 035 ## - SYSTEM CONTROL NUMBER | |
| System control number | (OCoLC)5105426 |
| 040 ## - CATALOGING SOURCE | |
| Original cataloging agency | U.S. Office of Education |
| Transcribing agency | MChB |
| Modifying agency | DLC |
| 042 ## - AUTHENTICATION CODE | |
| Authentication code | premarc |
| 050 00 - LIBRARY OF CONGRESS CALL NUMBER | |
| Classification number | L111 |
| Item number | .A6 1949, no. 3 |
| 082 ## - DEWEY DECIMAL CLASSIFICATION NUMBER | |
| Classification number | 371.91 |
| 100 1# - MAIN ENTRY--PERSONAL NAME | |
| Personal name | Mackie, Romaine Prior, |
| Dates associated with a name | 1899- |
| 245 10 - TITLE STATEMENT | |
| Title | School in the hospital, |
| Remainder of title | by Romaine P. Mackie and Margaret Fitzgerald. |
| 260 ## - PUBLICATION, DISTRIBUTION, ETC. | |
| Place of publication, distribution, etc. | Washington |
| Name of publisher, distributor, etc. | Federal Security Agency, Office of Education, |
| Date of publication, distribution, etc. | [1949] |
| 300 ## - PHYSICAL DESCRIPTION | |
| Extent | vi, 54 p. |
| Other physical details | illus. |
| Dimensions | 23 cm. |
| 490 1# - SERIES STATEMENT | |
| Series statement | United States. Office of Education. Bulletin, |
| Volume/sequential designation | 1949, no. 3 |
| 501 ## - WITH NOTE | |
| With note | Copies 1 and 2 of L111.A6 with: Education in Bolivia / Raymond H. Nelson. Washington : U.S. Govt. Print. Off., 1949. Bound together subsequent to publication. |
| Institution to which field applies | DLC |
| 504 ## - BIBLIOGRAPHY, ETC. NOTE | |
| Bibliography, etc. note | Bibliography: p. 54. |
| 650 #0 - SUBJECT ADDED ENTRY--TOPICAL TERM | |
| Topical term or geographic name entry element | Hospital schools. |
| 700 1# - ADDED ENTRY--PERSONAL NAME | |
| Personal name | Fitzgerald, Margaret, |
| Relator term | joint author. |
| 830 #0 - SERIES ADDED ENTRY--UNIFORM TITLE | |
| Uniform title | Bulletin (United States. Office of Education) ; |
| Volume/sequential designation | 1949, no. 3. |
No items available.